| 000 | 00000nam##2200000za#4500 |
| 001 | 9.615790 |
| 003 | CaOODSP |
| 005 | 20240911075932 |
| 007 | ta |
| 008 | 150406|2001||||xxc||||| f|0| 0 eng|d |
| 020 | |a0-662-31113-2 |
| 040 | |aCaOODSP|beng |
| 043 | |an-cn--- |
| 086 | 1 |aH113-8/2001-2E |
| 110 | 1 |aCanada. |bPest Management Regulatory Agency. |
| 245 | 10|aHarmonization of environmental chemistry and fate data requirements under NAFTA |
| 260 | |aOttawa - Ontario : |bHealth Canada. |c2001. |
| 300 | |a7p. ; |c28 cm. |
| 490 | 1 |aRegulatory proposal |vPRO 2001-02 |
| 563 | |aSoftcover |
| 590 | |a01-42|b2001-10-19 |
| 690 | 07|aChemistry|2gcpds |
| 690 | 07|aEnvironment|2gcpds |
| 775 | 08|tHarmonisation des exigences en matière de données sur les caractéristiques chimiques et le devenir des pesticides dans l'environnement en vertu de l'ALENA |w(CaOODSP)9.625808 |
| 776 | 0#|tHarmonization of environmental chemistry and fate data requirements under NAFTA |w(CaOODSP)9.557964 |
| 830 | #0|aRegulatory proposal (Canada. Pest Management Regulatory Agency)|vPRO 2001-02|w(CaOODSP)9.514703 |